[Event "JUG-ch sf"]
[Site "Nis"]
[Date "1995.??.??"]
[Round "?"]
[White "Milanovic, Danilo"]
[Black "Marjanovic, Slavoljub"]
[Result "0-1"]
[WhiteElo "2325"]
[BlackElo "2425"]

1.d4 d5 2.Nf3 Nf6 3.c4 dxc4 4.Nc3 c6 5.a4 Bf5 6.Ne5 e6 7.f3 Bb4 8.Nxc4 Na6
9.Bg5 h6 10.Bh4 Bh7 11.e4 c5 12.dxc5 Nxc5 13.Nd6+ Kf8 14.e5 g5 15.exf6 gxh4
16.Qd4 a5 17.Qf4 Bc2 18.Rc1 Bxa4 19.Be2 Bc6 20.Rd1 Nd7 21.Ne4 Bxe4 22.Qxe4 Qe7
23.O-O h3 24.Rxd7 Qxd7 25.Qg4 Rg8 26.Qxh3 Qd4+ 27.Kh1 Qxf6 28.Ne4 Qxb2 29.Bc4 Rg6
30.Ng3 Qd4 31.Ba2 Rc8 32.Bb1 Rg5 33.Qxh6+ Qg7 34.Qh4 Ke8 35.Qe4 b6 36.Qb7 Rd8
37.Be4 Qd4 38.Bc6+ Kf8 39.Ne4 Rh5 40.Qc7 Be7 41.Qg3 Qg7 42.Qf2 Bc5 43.Qe2 Bd4
44.f4 Rh6 45.Ba4 Rd5 46.g4 Rh3 47.Bc6 Rd8 48.Qg2 Rb3 49.Rd1 Bf6 50.Rf1 Be7
51.g5 Rc8 52.Ng3 Rxg3  0-1

[Event "NLD-chT9596"]
[Site "?"]
[Date "1995.??.??"]
[Round "?"]
[White "Kortschnoj, Viktor"]
[Black "Diepeveen, Vincent"]
[Result "1-0"]
[WhiteElo "2635"]
[BlackElo "2295"]

1.d4 d5 2.c4 c6 3.Nf3 Nf6 4.Nc3 dxc4 5.a4 Bf5 6.Nh4 e6 7.Nxf5 exf5 8.e3 Bb4
9.Bxc4 O-O 10.Qd3 g6 11.O-O Nbd7 12.Kh1 Qe7 13.a5 Rad8 14.Qc2 Bd6 15.f3 Rde8
16.e4 fxe4 17.fxe4 Nxe4 18.Nxe4 Qxe4 19.Qxe4 Rxe4 20.Bh6 Re7 21.Bxf8 Kxf8
22.g4 f6 23.a6 b5 24.Bd3 Kf7 25.Rae1 Nb8 26.Rxe7+ Kxe7 27.d5 Nxa6 28.dxc6 Nc7
29.Rf3 Be5 30.Rh3 Kd6 31.Be4 a5 32.Rxh7 g5 33.b3 Kc5 34.h4 gxh4 35.Rxh4 Kd4
36.Bh7 Kc5 37.Rh6 a4 38.bxa4 bxa4 39.Bg8 a3 40.Ba2 Kb6 41.Kg2 Nb5 42.Kf3 Nd6
43.Ke3 Kxc6 44.Kd3 Bb2 45.Rh2 Nb5 46.Kc4 Nd6+ 47.Kb4 Ne4 48.Re2 Nd6 49.Re6 Kd7
50.Bd5 Nf7 51.Ra6 Ne5 52.Kc5 Nd3+ 53.Kb5 Ke7 54.Be6 Nf2 55.Bf5 Nd1 56.Kc6 Ne3
57.Ra7+ Kd8 58.Be6 Ke8 59.g5 fxg5 60.Kd6 Kf8 61.Rf7+  1-0

[Event "JUG-ch"]
[Site "Novi Sad"]
[Date "1995.??.??"]
[Round "?"]
[White "Ilincic, Zlatko"]
[Black "Drasko, Milan"]
[Result "1/2-1/2"]
[WhiteElo "2565"]
[BlackElo "2510"]

1.d4 d5 2.c4 dxc4 3.Nc3 Nf6 4.Nf3 c6 5.a4 Bf5 6.e3 e6 7.Bxc4 Bb4 8.O-O Nbd7
9.Nh4 Bg6 10.f3 O-O 11.Nxg6 hxg6 12.Qc2 a5 13.Rd1 Qb6 14.Kh1  1/2-1/2

[Event "Odorheiu Secuiesc zt"]
[Site "Odorheiu Secuiesc"]
[Date "1995.??.??"]
[Round "2"]
[White "Marin, Mihail"]
[Black "Horvath, Csaba"]
[Result "1/2-1/2"]
[WhiteElo "2540"]
[BlackElo "2500"]

1.d4 d5 2.c4 c6 3.Nf3 Nf6 4.Nc3 dxc4 5.a4 Bf5 6.e3 e6 7.Bxc4 Bb4 8.O-O Nbd7
9.Nh4 Bg6 10.h3 Bh5 11.g4 Nd5 12.Ng2 Bg6 13.f4 Bxc3 14.bxc3 Be4 15.Bd3 Nxc3
16.Qd2 Bxd3 17.Qxd3 Nd5 18.Ba3 Qa5 19.f5  1/2-1/2

[Event "Odorheiu Secuiesc zt"]
[Site "Odorheiu Secuiesc"]
[Date "1995.??.??"]
[Round "6"]
[White "Babula, Vlastimil"]
[Black "Nevednichy, Vladislav"]
[Result "1-0"]
[WhiteElo "2530"]
[BlackElo "2485"]

1.d4 d5 2.c4 c6 3.Nf3 Nf6 4.Nc3 dxc4 5.a4 Bf5 6.Ne5 e6 7.f3 Bb4 8.Bg5 h6
9.Bh4 c5 10.dxc5 Qxd1+ 11.Kxd1 Nbd7 12.Nxd7 O-O-O 13.e4 Rxd7+ 14.Kc2 Bh7
15.c6 bxc6 16.Bxc4 Rhd8 17.Rad1 Bd6 18.Bd3 g5 19.Bf2 Be5 20.g4 Bg6 21.h4 Ne8
22.hxg5 hxg5 23.Na2 Bd4 24.Bg3 Kb7 25.Nc1 f6 26.Nb3 e5 27.Bc4 Be3 28.Rde1 Bd4
29.Rh6 Bf7 30.Bxf7 Rxf7 31.Rd1 Rfd7 32.Rh8 Kc8 33.Nxd4 exd4 34.b4 d3+ 35.Kc3 d2
36.Bf2 Rd3+ 37.Kc2 Rxf3 38.Bxa7 Kb7 39.Bc5 Rf4 40.Rh7+ Kc8 41.Bb6 Rd7 42.Rxd7 Kxd7
43.Rxd2+ Ke6 44.a5 Rxe4 45.a6 Rxb4 46.Rd8 Ra4 47.Rxe8+ Kd7 48.Rd8+ Ke7 49.Ra8  1-0

[Event "Pardubice op"]
[Site "Pardubice"]
[Date "1995.??.??"]
[Round "?"]
[White "Shtyrenkov, Veniamen"]
[Black "Shurygin, Sergey"]
[Result "1-0"]
[WhiteElo "2455"]
[BlackElo "2365"]

1.d4 d5 2.c4 c6 3.Nf3 Nf6 4.Nc3 dxc4 5.a4 Bf5 6.Ne5 e6 7.f3 Bb4 8.Nxc4 c5
9.dxc5 Qxd1+ 10.Kxd1 Bxc5 11.e4 Bg6 12.Nb5 Na6 13.Ncd6+ Ke7 14.Nxb7 Rhd8+
15.Nxd8 Rxd8+ 16.Ke1 Nb4 17.Na3 Nxe4 18.fxe4 Rd4 19.Be2 Rxe4 20.Kf1 Re5 21.Bd2 Nd3
22.Nc4 Rf5+ 23.Bf3 e5 24.Ke2 Nf2 25.Ne3 Nxh1 26.Nxf5+ Bxf5 27.g4 e4 28.gxf5 exf3+
29.Kxf3 Nf2 30.Re1+ Kf6 31.Bc3+ Kg5 32.b4  1-0

[Event "World op"]
[Site "Philadelphia"]
[Date "1995.??.??"]
[Round "7"]
[White "Manion, Josh"]
[Black "Lower, Spencer"]
[Result "1/2-1/2"]
[WhiteElo "2360"]
[BlackElo "2250"]

1.d4 d5 2.c4 c6 3.Nf3 Nf6 4.Nc3 dxc4 5.a4 Bf5 6.e3 e6 7.Bxc4 Bb4 8.O-O Nbd7
9.Qe2 Bg6 10.e4 Bxc3 11.bxc3 Nxe4 12.Ba3 Qc7 13.Qb2 Nb6 14.Bb3 Nd6 15.Ne5 O-O
16.f4 Rfe8 17.Rae1 Nd7 18.Qe2 c5 19.Nxg6 hxg6 20.Qa2 Rac8 21.Kh1 c4 22.Bd1 Nf6
23.Re3 Nd5 24.Rh3 Nf5 25.Qf2 f6 26.Bc2 Kf7 27.g4 Nfe7 28.Rf3 Rh8 29.Kg1 Rh7
30.Qe2 Rh4 31.Qg2 Rch8 32.h3 f5 33.Bc1 Nf6 34.Rg3 Qc6 35.g5 Qxg2+ 36.Kxg2 Nfd5
37.Rgf3 Rc8 38.Bd2 Rc6 39.Kg3 Rh8  1/2-1/2

[Event "Portoroz op"]
[Site "Portoroz"]
[Date "1995.??.??"]
[Round "?"]
[White "Tukmakov, Vladimir B"]
[Black "Kocman, M."]
[Result "1-0"]
[WhiteElo "2585"]
[BlackElo "2080"]

1.d4 d5 2.c4 c6 3.Nc3 Nf6 4.Nf3 dxc4 5.a4 Bf5 6.Ne5 e6 7.f3 Bb4 8.e4 Bxe4
9.fxe4 Nxe4 10.Bd2 Qxd4 11.Nxe4 Qxe4+ 12.Qe2 Bxd2+ 13.Kxd2 Qd5+ 14.Kc3 Na6
15.Nxc4 Rd8 16.Qe5 O-O 17.Be2 Qxg2 18.Rhg1 Qh3+ 19.Rg3 Qh6 20.Ne3 f6 21.Qxe6+ Kh8
22.Bxa6 Rfe8 23.Qh3 Qf4 24.Bf1 Qd4+ 25.Kb3 Re4 26.Ra3 Qb6+ 27.Ka2 Rd2 28.Nc4 Rxc4
29.Rgb3 Qd8 30.Bxc4  1-0

[Event "CZE Tschechien-ch"]
[Site "Prague"]
[Date "1995.??.??"]
[Round "?"]
[White "Orsag, Milan"]
[Black "Meduna, Eduard"]
[Result "0-1"]
[WhiteElo "2415"]
[BlackElo "2445"]

1.d4 d5 2.Nf3 Nf6 3.c4 c6 4.Nc3 dxc4 5.a4 Bf5 6.e3 e6 7.Bxc4 Bb4 8.O-O Nbd7
9.Qe2 O-O 10.e4 Bg6 11.Bd3 Bh5 12.e5 Nd5 13.Ne4 Be7 14.Ng3 Bg6 15.Bxg6 fxg6
16.Ne4 h6 17.Ne1 Rf7 18.a5 a6 19.Nd3 Nf8 20.Rd1 g5 21.g3 Nd7 22.Qg4 Rf5 23.h4 Qe8
24.hxg5 Qg6 25.Nc3 Bxg5 26.Nxd5 cxd5 27.Bxg5 Rxg5 28.Qh3 Rg4 29.Kh2 Rf8 30.Nf4 Rfxf4
31.gxf4 Qf5 32.Kh1 Qxf4 33.Qe3 Rh4+ 34.Kg2 Qg4+ 35.Qg3 Qe4+ 36.f3 Qe2+ 37.Kg1 Qe3+
38.Kg2 Qe2+ 39.Kg1 Qe3+ 40.Kg2 Rh5 41.f4 Qe4+ 42.Kf2 Rf5 43.Ra3 Rxf4+ 44.Rf3 Rg4
45.Qh3 Nf8 46.Rdd3 Ng6 47.Rg3 Rf4+ 48.Rgf3 Qxd3  0-1

[Event "Reykjavik Olafsson"]
[Site "Reykjavik"]
[Date "1995.??.??"]
[Round "1"]
[White "Gligoric, Svetozar"]
[Black "Petursson, Margeir"]
[Result "1/2-1/2"]
[WhiteElo "2455"]
[BlackElo "2565"]

1.d4 d5 2.c4 c6 3.Nf3 Nf6 4.Nc3 dxc4 5.a4 Bf5 6.e3 e6 7.Bxc4 Bb4 8.O-O O-O
9.Qe2 Ne4 10.Bd3 Bxc3 11.bxc3 Nxc3 12.Qc2 Bxd3 13.Qxd3 Nd5 14.Ba3 Re8 15.Rab1 b6
16.Rfc1 a5 17.Ne5 Qc7 18.e4 Nb4 19.Bxb4 axb4 20.Rxb4 c5 21.Qb5 Nc6 22.Qxb6 Qxb6
23.Rxb6 Nxe5  1/2-1/2

[Event "ISL-ch"]
[Site "Reykjavik"]
[Date "1995.??.??"]
[Round "6"]
[White "Gretarsson, Helgi Ass"]
[Black "Fridjonsson, Julius"]
[Result "1-0"]
[WhiteElo "2440"]
[BlackElo "2210"]

1.d4 d5 2.Nf3 Nf6 3.c4 c6 4.Nc3 dxc4 5.a4 Bf5 6.Ne5 Nbd7 7.Nxc4 Qc7 8.g3 e5
9.dxe5 Nxe5 10.Bf4 Nfd7 11.Bg2 f6 12.O-O g5 13.Bxe5 Nxe5 14.Ne3 Be6 15.Rc1 Qf7
16.Qd4 Be7 17.Ne4 O-O 18.Nxg5 fxg5 19.Qxe5 Bf6 20.Qa5 Bxb2 21.Qxg5+ Qg7 22.Qxg7+ Bxg7
23.a5 a6 24.Nc4 Rad8 25.e3 Rd3 26.Be4 Rb3 27.Rc2 Rd8 28.Rfc1 h6 29.Kg2 Rb5
30.h3 Bxc4 31.Rxc4 Rxa5 32.f4 Rb5 33.Kf3 a5 34.Ra4 c5 35.g4 b6 36.h4 Rb4
37.Bc6 Rd6 38.Rxb4 axb4 39.Ba4 Rd3 40.Bb5 Rc3 41.Rxc3 Bxc3 42.Ke2 Kf7 43.h5 Ke6
44.Kd3 Bb2 45.Kc2 Bc3 46.e4 Kf6 47.Kd3 Bb2 48.Bc4 Bd4 49.e5+ Ke7 50.Ke4 b3
51.Bxb3 b5 52.g5 hxg5 53.h6 Kf8 54.fxg5  1-0

[Event "Rishon Le Ziyyon YM"]
[Site "Rishon Le Ziyyon"]
[Date "1995.??.??"]
[Round "10"]
[White "Mikhalevski, Victor"]
[Black "Bykhovsky, Avigdor"]
[Result "1-0"]
[WhiteElo "2525"]
[BlackElo "2455"]

1.d4 d5 2.c4 c6 3.Nf3 Nf6 4.Nc3 dxc4 5.a4 Bf5 6.Ne5 Nbd7 7.Nxc4 e6 8.f3 Bb4
9.e4 Bg6 10.Be2 O-O 11.O-O a5 12.Be3 Ne8 13.Bf2 f5 14.exf5 exf5 15.Na2 Be7
16.Qb3 Bf7 17.Qxb7 Bd5 18.Qb3 Nd6 19.Qc2 Qb8 20.b3 Bf6 21.Rab1 f4 22.Nc3 Qc7
23.Bd3 g6 24.Rfe1 Kg7 25.Ne5 Bf7 26.Nxf7 Rxf7 27.Nd5  1-0

[Event "RUS Army-ch"]
[Site "RUS"]
[Date "1995.??.??"]
[Round "?"]
[White "Kiselev, Sergey"]
[Black "Totsky, Leonid"]
[Result "1/2-1/2"]
[WhiteElo "2495"]
[BlackElo "2455"]

1.d4 d5 2.c4 c6 3.Nf3 Nf6 4.Nc3 dxc4 5.a4 Bf5 6.e3 e6 7.Bxc4 Bb4 8.O-O h6
9.Ne5 O-O 10.f3 Nfd7 11.Nxd7 Nxd7 12.e4 Bg6 13.Be3 Qe7 14.Qb3 e5 15.Ne2 Kh8
16.Ng3 Nb6 17.Be2 exd4 18.Bxd4 Rfd8 19.Be3 Bc5 20.Bxc5 Qxc5+ 21.Kh1 Rd7 22.a5 Nc8
23.Rfc1 Qe5 24.Rc2 Ne7 25.Bc4 Rad8 26.Rcc1 f5 27.exf5 Nxf5 28.Nxf5 Bxf5 29.Re1 Qc5
30.Bf1 Bg6 31.Qe3 Qxe3 32.Rxe3 Rd2 33.Rb3 Bf7 34.Rc3 Rxb2 35.a6 Bd5 36.axb7 Rxb7
37.Kg1 Kg8 38.Kf2 Kf8 39.h4 Ke7 40.Ra5 Kd6 41.g4 Rdd7 42.g5 hxg5 43.hxg5 Rb2+
44.Kg3 Ra2 45.Rxa2 Bxa2 46.f4 Bd5 47.Ra3 Kc5 48.Ra1 Kb4 49.Ba6 Bb3 50.f5 c5
51.Bc8 Rc7 52.Be6 Bxe6 53.fxe6 c4 54.Re1 Re7 55.Kf4 c3 56.Ke5 c2 57.Kd6 Re8
58.Kd7 Rb8 59.e7 Kc3 60.e8=Q Rxe8 61.Kxe8 Kd2 62.Ra1 c1=Q 63.Rxc1 Kxc1 64.Kf7 a5
65.Kxg7 a4 66.Kf7  1/2-1/2

[Event "Salta Clarin op"]
[Site "Salta"]
[Date "1995.??.??"]
[Round "7"]
[White "Quiroga, Facundo"]
[Black "Belmonte, Diego Mariano"]
[Result "1/2-1/2"]
[WhiteElo "2430"]
[BlackElo "2160"]

1.d4 d5 2.c4 c6 3.Nf3 Nf6 4.Nc3 dxc4 5.a4 Bf5 6.e3 e6 7.Bxc4 Bb4 8.O-O Nbd7
9.Qe2 O-O 10.e4 Bg6 11.e5 Nd5 12.Nxd5 cxd5 13.Bd3 Be7 14.a5 a6 15.Bd2 Nb8
16.b4 Nc6 17.b5 axb5 18.Bxg6 fxg6 19.Qxb5 Rxf3 20.gxf3 Nxd4 21.Qd3 Nc6 22.f4 Nxa5
23.Bxa5 Rxa5 24.Rfb1 Rxa1 25.Rxa1 Qf8 26.Qb5 Qxf4 27.Qe8+ Qf8 28.Ra8 Qxe8
29.Rxe8+ Kf7 30.Rb8 Bc5 31.Rxb7+ Kf8 32.Kg2 g5 33.Kg3 Bd4 34.f4 gxf4+ 35.Kxf4 Bg1
36.Rb2 Bd4 37.Rb8+ Kf7 38.Rb7+ Kf8 39.h4 h6 40.h5 Bc3 41.Rb3 Bd4 42.Rd3 Bc5
43.Kf3 Kf7 44.Ke2 Bb6 45.Rf3+ Kg8 46.Kd3 Bc7 47.Re3 Kh7 48.Rf3 Bxe5 49.Re3 Bf6
50.Rxe6 d4 51.Ke4 Kg8 52.Ra6 Kh7 53.Ra8 d3  1/2-1/2

[Event "Salta Clarin op"]
[Site "Salta"]
[Date "1995.??.??"]
[Round "9"]
[White "Rodriguez, Al"]
[Black "Soppe, Guillermo"]
[Result "1/2-1/2"]
[WhiteElo "2490"]
[BlackElo "2455"]

1.d4 d5 2.c4 c6 3.Nc3 Nf6 4.Nf3 dxc4 5.a4 Bf5 6.e3 e6 7.Bxc4 Nbd7 8.O-O Bb4
9.Bd2 O-O 10.Qb3 a5 11.Rfe1  1/2-1/2

[Event "San Francisco op"]
[Site "San Francisco"]
[Date "1995.??.??"]
[Round "?"]
[White "Piasetski, Leon David"]
[Black "Silman, Jeremy D"]
[Result "1/2-1/2"]
[WhiteElo "2345"]
[BlackElo "2420"]

1.d4 d5 2.c4 c6 3.Nf3 Nf6 4.Nc3 dxc4 5.a4 Bf5 6.e3 e6 7.Bxc4 Bb4 8.O-O Nbd7
9.Qe2 Bg6 10.Rd1 O-O 11.Ne5 Nxe5 12.dxe5 Nd7 13.f4 Qc7 14.Bd2 a5 15.Be1 Be7
16.e4 Rfd8 17.g4 h6 18.Bg3 Bh7 19.Kg2 Nc5 20.f5 Rxd1 21.Rxd1 Rd8 22.b3 Rxd1
23.Qxd1 Qd8 24.Qxd8+ Bxd8 25.Kf3 Kf8 26.Ne2 h5 27.h3 hxg4+ 28.hxg4 Bc7 29.Nc1 Ke7
30.Nd3 Nxd3 31.Bxd3 g5 32.Bc4 Bg8 33.Bd3 Kd7 34.Bc4 Ke7  1/2-1/2

[Event "San Martin"]
[Site "San Martin"]
[Date "1995.??.??"]
[Round "2"]
[White "Soppe, Guillermo"]
[Black "Ginzburg, Maximiliano"]
[Result "1-0"]
[WhiteElo "2445"]
[BlackElo "2450"]

1.d4 Nf6 2.Nf3 d5 3.c4 c6 4.Nc3 dxc4 5.a4 Bf5 6.Nh4 e6 7.Nxf5 exf5 8.e3 Bd6
9.Bxc4 O-O 10.Qf3 g6 11.h3 Nbd7 12.g4 f4 13.O-O fxe3 14.fxe3 c5 15.Rf2 Rc8
16.b3 Qe7 17.Bd2 Bb8 18.Raf1 h6 19.Qxb7 Qd6 20.Qg2 cxd4 21.Nb5 Qc6 22.Qxc6 Rxc6
23.Nxd4 Rxc4 24.bxc4 Ne4 25.Bb4 Nxf2 26.Bxf8 Nxh3+ 27.Kg2 Kxf8 28.Kxh3 Nc5
29.Nc6 Bc7 30.a5 Ke8 31.Rd1 a6 32.Kg2 Nb7 33.Kf3 Nd6 34.Rd4 f5 35.gxf5 Nxf5
36.Rd5 h5 37.c5 Ng7 38.Nd4 Ke7 39.c6 Ne8 40.Nb3 Bd6 41.Nd2 Nc7 42.Rg5 Kf7
43.Rg1 Ne8 44.Nc4 Bc7 45.e4 Nf6 46.e5 Ng4 47.Rd1 Ke6 48.Rd7 Bxa5 49.Rd6+ Ke7
50.Rxg6 Bc7 51.Rg7+ Kd8 52.Ke4  1-0

[Event "ESP-chTa"]
[Site "Spain"]
[Date "1995.??.??"]
[Round "8"]
[White "Gamundi, Antonio"]
[Black "Iruzubieta, Jesus Maria"]
[Result "1/2-1/2"]
[WhiteElo "2400"]
[BlackElo "2385"]

1.d4 d5 2.c4 c6 3.Nc3 Nf6 4.Nf3 dxc4 5.a4 Bf5 6.Ne5 c5 7.d5 e6 8.Bg5 exd5
9.e4 Bd6 10.f4 Bxe4 11.Nxe4 dxe4 12.Bxc4 O-O 13.O-O Nc6 14.Nxc6 bxc6 15.Qe2 Re8
16.Rad1 Qe7 17.g3 Rad8 18.Rfe1 h6 19.Bh4 Bc7 20.Rxd8 Bxd8 21.Rd1 Qc7 22.Qc2 Nd5
23.Bxd8 Qxd8 24.Bxd5 cxd5 25.Qxc5 e3 26.Qd4 Qa5 27.b4 Qxa4 28.Re1 Qa3 29.Re2 Qb3
30.Kg2 f5 31.Kf3 Re4 32.Qc5 Kh7 33.Qf8 Qc4 34.Qxf5+ Kg8 35.Qd7 a6 36.h4 h5
37.Qd8+ Kf7 38.Qg5 Re7 39.Qxh5+ Kg8 40.Qf5 d4 41.Qc5 Qxc5 42.bxc5 a5 43.c6 Kf7
44.Rc2 d3 45.c7 dxc2 46.c8=Q e2 47.Qf5+ Kg8 48.Qd5+  1/2-1/2

[Event "St Petersburg op"]
[Site "St Petersburg"]
[Date "1995.??.??"]
[Round "5"]
[White "Gleizerov, Evgeny"]
[Black "Volzhin, Alexander"]
[Result "1/2-1/2"]
[WhiteElo "2545"]
[BlackElo "2425"]

1.d4 d5 2.c4 c6 3.Nf3 Nf6 4.Nc3 dxc4 5.a4 Bf5 6.e3 e6 7.Bxc4 Bb4 8.O-O Nbd7
9.Nh4 Bg6 10.Be2 Qc7 11.g3 O-O 12.Nxg6 hxg6 13.Qc2 e5 14.Bf3 Rfe8 15.Bg2 Rad8
16.Rd1 Nf8 17.Bd2  1/2-1/2

[Event "Chigorin mem"]
[Site "St Petersburg"]
[Date "1995.??.??"]
[Round "9"]
[White "Rychagov, Andrei"]
[Black "Bezgodov, Alexei"]
[Result "0-1"]
[WhiteElo "2310"]
[BlackElo "2475"]

1.d4 d5 2.c4 c6 3.Nf3 Nf6 4.Nc3 dxc4 5.a4 Bf5 6.e3 e6 7.Bxc4 Bb4 8.O-O O-O
9.Qe2 Nbd7 10.e4 Bg6 11.Bd3 Bh5 12.e5 Nd5 13.Ne4 h6 14.Ng3 Bg6 15.Bxg6 fxg6
16.Bd2 Bxd2 17.Qxd2 g5 18.b4 Nf4 19.Ne4 Nb6 20.Nd6 g4 21.Ne1 Nbd5 22.Nd3 Qb6
23.Nxf4 Rxf4 24.Rad1 Qxb4 25.Qxb4 Nxb4 26.Nxb7 Nc2 27.Nc5 Nxd4 28.g3 Nf3+
29.Kg2 Rc4 30.Nxe6 Re8 31.Rd8 Rxd8 32.Nxd8 Nxe5 33.Re1 Nf3 34.Ra1 Kf8 35.h3 Nd4
36.hxg4 Ke7 37.Nb7 Nc2 38.Ra2 Kd7 39.Na5 Rc5 40.Nb3 Rc3 41.Nd2 Nd4 42.Ra1 c5
43.Rb1 Kc7 44.Re1 Rc2 45.Nf3 Re2 46.Rd1 Nxf3 47.Kxf3 Re7 48.Rd2 Kc6 49.Rd8 c4
50.Rc8+ Kd5 51.a5 Kd4 52.a6 c3 53.Rd8+ Kc4 54.Rc8+ Kd3 55.Rd8+ Kc2 56.Rb8 Re6
57.Rb7 Rxa6 58.Rxg7 Kc1 59.Rc7 c2 60.g5 hxg5  0-1

[Event "SVK-chT"]
[Site "?"]
[Date "1995.??.??"]
[Round "?"]
[White "Priehoda, Vitezslav"]
[Black "Meduna, Eduard"]
[Result "1/2-1/2"]
[WhiteElo "2400"]
[BlackElo "2480"]

1.d4 d5 2.c4 c6 3.Nf3 Nf6 4.Nc3 dxc4 5.a4 Bf5 6.e3 e6 7.Bxc4 Nbd7 8.O-O Bb4
9.Qe2 O-O 10.Ne5 h6 11.Nd3 a5 12.Rd1 Bh7 13.f3 Qe7 14.e4 e5 15.dxe5 Nxe5
16.Nxe5 Qxe5 17.Be3 Rad8 18.Rxd8 Rxd8 19.Rd1 Rxd1+ 20.Nxd1 Nd7 21.Nf2 Bc5
22.Nd3 Bxe3+ 23.Qxe3 Qc7 24.Kh1 Kf8 25.Qd4 Bg6 26.g3 Kg8 27.Kg2 Kh7 28.h4 f6
29.Be6  1/2-1/2

[Event "SVK-chT2"]
[Site "?"]
[Date "1995.??.??"]
[Round "?"]
[White "Timoshchenko, Gennadi A"]
[Black "Kolesar, Milan"]
[Result "1-0"]
[WhiteElo "2520"]
[BlackElo "2255"]

1.d4 d5 2.c4 c6 3.Nf3 Nf6 4.Nc3 dxc4 5.a4 Bf5 6.Ne5 Na6 7.e3 Nb4 8.Bxc4 e6
9.O-O Be7 10.Qe2 Nbd5 11.Rd1 O-O 12.f3 Nd7 13.e4 Nxe5 14.dxe5 Qb6+ 15.Kh1 Nxc3
16.bxc3 Bg6 17.Rd7 Rfe8 18.a5 Qc5 19.Rxb7 Qxe5 20.Bd2 Bd8 21.Qe3 Re7 22.a6 Bc7
23.Qf4 Qc5 24.Qg5 e5 25.Be3 Qd6 26.Rxa7 Rxa7 27.Bxa7 Rd7 28.Qe3 Bd8 29.Bb6 Qb8
30.a7 Qa8 31.Bxd8 Rxd8 32.Qb6  1-0

[Event "SVK-chT2"]
[Site "?"]
[Date "1995.??.??"]
[Round "?"]
[White "Veselsky, Jozef"]
[Black "Kolesar, Milan"]
[Result "1-0"]
[WhiteElo "2225"]
[BlackElo "2255"]

1.d4 d5 2.Nf3 Nf6 3.c4 c6 4.Nc3 dxc4 5.a4 Bf5 6.e3 e6 7.Bxc4 Bb4 8.O-O Nbd7
9.Bd2 a5 10.Na2 Bd6 11.Nc3 O-O 12.Re1 Ne4 13.Nxe4 Bxe4 14.Bc3 Qf6 15.Bd3 Bxf3
16.Qxf3 Qxf3 17.gxf3 e5 18.Rad1 Rfd8 19.Bf5 Bb4 20.Bxd7 Rxd7 21.dxe5 Rad8
22.Rb1 Kf8 23.Kg2 Ke7 24.Rec1 Rd3 25.f4 Ke6 26.Kf3 Kf5 27.Rc2 R8d7 28.Ke2 Bxc3
29.bxc3 g5 30.fxg5 Kxg5 31.Rxb7 Rxc3 32.Rxc3 Rxb7 33.Rxc6 Rb4 34.Rf6 Rb7
35.h3 h5 36.Ra6 Kf5 37.Rxa5 Ke4 38.f3+ Kf5 39.e6+ Kxe6 40.Rxh5 Rb2+ 41.Kf1 Ra2
42.Rh4 Kf6 43.Kg1 Kg5 44.Rg4+ Kf5 45.h4 f6 46.h5 Rd2 47.h6  1-0

[Event "Szekszard op "]
[Site "Szekszard"]
[Date "1995.??.??"]
[Round "?"]
[White "Horvath, Julia"]
[Black "Varga, Peter"]
[Result "1/2-1/2"]
[WhiteElo "2295"]
[BlackElo "2415"]

1.d4 d5 2.Nf3 Nf6 3.c4 c6 4.Nc3 dxc4 5.a4 Bf5 6.e3 e6 7.Bxc4 Bb4 8.O-O O-O
9.Qe2 Bg4 10.h3 Bxf3 11.Qxf3 Nbd7 12.Rd1 Rc8 13.e4 e5 14.d5 Bxc3 15.bxc3 cxd5
16.Bxd5 Nxd5 17.Rxd5 Qc7 18.Ba3 Rfe8 19.Bb4 Nf6 20.Rc5 Qd7 21.Rd1 Qxa4 22.Ra5 Qc6
23.Rxa7 Nxe4 24.Re1 Nxc3 25.Qxc6 Rxc6 26.Rxe5 Rec8 27.Rxb7 h6 28.Bxc3 Rxc3  1/2-1/2

[Event "Tampere op"]
[Site "Tampere"]
[Date "1995.??.??"]
[Round "?"]
[White "Koskinen, Henri"]
[Black "Lehikoinen, Pertti Ilari"]
[Result "1-0"]
[WhiteElo "2260"]
[BlackElo "2225"]

1.d4 d5 2.Nf3 Nf6 3.c4 c6 4.Nc3 dxc4 5.a4 Bf5 6.e3 e6 7.Bxc4 Bb4 8.O-O O-O
9.Qe2 Nbd7 10.e4 Bg6 11.Bd3 c5 12.e5 cxd4 13.exf6 dxc3 14.fxg7 Kxg7 15.Bxg6 hxg6
16.Qb5 Qe7 17.bxc3 Bd6 18.Qxb7 Nc5 19.Qxe7 Bxe7 20.Be3 Rab8 21.Ne5 Rfc8 22.Rfd1 Rb2
23.Nc4 Rb3 24.g3 Ne4 25.Nd2 Nxd2 26.Rxd2 Bf6 27.Bxa7 Rbxc3 28.Raa2 e5 29.a5 Be7
30.a6 Ra8 31.Be3 Bc5 32.Bxc5 Rxc5 33.Rd7 Rc6 34.a7 Rcc8 35.Rb7 Rd8 36.Ra5 Re8
37.Rd5 Kg8 38.Rdd7 Rf8 39.Re7 Kg7 40.Rxe5 Rfc8 41.Ree7 Rf8 42.Kg2 Kf6 43.Rec7 Kg7
44.Kf3 g5 45.Kg4 Kg6 46.Rc6+ f6 47.Rcc7 f5+ 48.Kf3 Kf6 49.Rb6+ Ke5 50.Kg2 Rfd8
51.Rc5+ Rd5 52.Rxd5+ Kxd5 53.Rb7 g4 54.Kf1 Kd4 55.Ke2 Re8+ 56.Kd2 Ra8 57.Rb4+ Ke5
58.Ra4  1-0

[Event "Tastrup"]
[Site "Tastrup"]
[Date "1995.??.??"]
[Round "9"]
[White "Jakobsen, Peter"]
[Black "Bjerring, Kai"]
[Result "1/2-1/2"]
[WhiteElo "2250"]
[BlackElo "2350"]

1.d4 d5 2.c4 c6 3.Nf3 Nf6 4.Nc3 dxc4 5.a4 Bf5 6.e3 e6 7.Bxc4 Bb4 8.O-O Nbd7
9.Qe2 Bg6 10.e4 Bxc3 11.bxc3 Nxe4 12.Ba3 Qc7 13.Nd2 Nxd2 14.Qxd2 O-O-O 15.Be7 Rde8
16.Bh4 Qa5 17.Bg3 f6 18.Rfe1 Bf5 19.Qb2 e5  1/2-1/2

[Event "JUG-chT (Women)"]
[Site "Tivat"]
[Date "1995.??.??"]
[Round "7"]
[White "Peng, Zhaoqin"]
[Black "Gaponenko, Inna"]
[Result "0-1"]
[WhiteElo "2355"]
[BlackElo "2365"]

1.d4 d5 2.c4 c6 3.Nf3 Nf6 4.Nc3 dxc4 5.a4 Bf5 6.Ne5 e6 7.Nxc4 Bb4 8.Qb3 a5
9.e3 O-O 10.Bd2 c5 11.Nb5 Nc6 12.Bxb4 Nxb4 13.Rc1 cxd4 14.exd4 Nfd5 15.Qg3 Nc2+
16.Kd2 Ndb4 17.Qf4 g5 18.Qd6 Rc8 19.Be2 Qf6 20.Qe5 Qxe5 21.Nxe5 Rcd8 22.Bf3 Nxd4
23.Nxd4 Rxd4+ 24.Ke3 Rfd8 25.Bxb7 Nc2+ 26.Kf3 Rf4+ 27.Kg3 f6 28.Nc6 Rd3+
29.f3 Rg4+ 30.Kh3 Rxf3+  0-1

[Event "FRA-chB"]
[Site "Toulouse"]
[Date "1995.??.??"]
[Round "6"]
[White "Vareille, Francois"]
[Black "Spielmann, Alain"]
[Result "1-0"]
[WhiteElo "2380"]
[BlackElo "2270"]

1.d4 d5 2.c4 c6 3.Nc3 Nf6 4.Nf3 dxc4 5.a4 Bf5 6.e3 e6 7.Bxc4 Bb4 8.O-O Nbd7
9.Qe2 Bg6 10.e4 Bxc3 11.bxc3 Nxe4 12.Ba3 Qc7 13.Rfe1 O-O-O 14.Qb2 Rhe8 15.Nh4 Ndf6
16.Nxg6 hxg6 17.Rab1 g5 18.Bd3 Nd6 19.g3 g4 20.a5 Nb5 21.Bc5 Nd7 22.Bxb5 Nxc5
23.Be2 Nd7 24.Bxg4 Nf6 25.Bf3 a6 26.c4 Re7 27.Re3 Qxa5 28.Rb3 Qc7 29.Rb6 Ne8
30.c5 Nf6 31.Bxc6 Qxc6 32.Rxc6+ bxc6 33.Qb8+ Kd7 34.Qd6+ Ke8 35.Qxc6+ Kf8
36.Qxa6 Rxd4 37.Rb8+ Re8 38.Rxe8+ Kxe8 39.c6 Nd5 40.Qa8+ Ke7 41.Qa7+  1-0

[Event "Travemuende op"]
[Site "Travemuende"]
[Date "1995.??.??"]
[Round "6"]
[White "Treppner, Gerd"]
[Black "Holmsgaard, Henrik"]
[Result "1-0"]
[WhiteElo "2315"]
[BlackElo "2275"]

1.c4 Nf6 2.Nc3 c6 3.d4 d5 4.Nf3 dxc4 5.a4 Bf5 6.Ne5 Nbd7 7.Nxc4 Qc7 8.g3 e5
9.dxe5 Nxe5 10.Bf4 Nfd7 11.Bg2 f6 12.O-O Be6 13.b3 Bb4 14.Qc2 g5 15.Nxe5 Nxe5
16.Be3 Qf7 17.Ne4 Nd7 18.f4 g4 19.Bc5 Bxb3 20.Nd6+ Kf8 21.Nxf7+ Bxc5+ 22.Qxc5+ Nxc5
23.Nxh8 Ke7 24.Rfc1 b6 25.a5 Rxh8 26.axb6 axb6 27.Bxc6 Rc8 28.Bg2 b5 29.Ra7+ Ke6
30.Ra6+ Ke7 31.Rc6 Rxc6 32.Bxc6 Bc4 33.Bxb5  1-0

[Event "Trelew Clarin-GP"]
[Site "Trelew"]
[Date "1995.??.??"]
[Round "1"]
[White "Ricardi, Pablo"]
[Black "Iglesias, J."]
[Result "1-0"]
[WhiteElo "2545"]
[BlackElo "2300"]

1.d4 d5 2.c4 c6 3.Nf3 Nf6 4.Nc3 dxc4 5.a4 Bf5 6.e3 e6 7.Bxc4 Bb4 8.O-O Nbd7
9.Qe2 Bg4 10.h3 Bxf3 11.Qxf3 O-O 12.Rd1 Qa5 13.e4 e5 14.d5 Bxc3 15.bxc3 Nb6
16.Bb3 cxd5 17.exd5 Rac8 18.c4 Nfd7 19.Qg3 Kh8 20.Bd2 Qa6 21.Bb4 Rg8 22.c5 Nxc5
23.Bxc5 Rxc5 24.d6 Nd7 25.Bxf7 Rd8 26.Qa3 Qc6 27.Qb3 Rc2 28.Qg3 Rf8 29.Bd5 Qc5
30.Bxb7 Rcxf2 31.Kh1 R2f4 32.Rac1 Rc4 33.Rxc4 Qxc4 34.Qg4 Rf1+ 35.Rxf1 Qxf1+
36.Kh2 Qf4+ 37.Qxf4 exf4 38.Bc8 Ne5 39.g3 g5 40.d7 Nf7 41.gxf4 gxf4 42.Kg2 Kg7
43.Kf3 Kf6 44.Kxf4 Ke7 45.h4 Nd8 46.h5 Ne6+ 47.Kf5 Nf8 48.Kg5 Nxd7 49.Bxd7 Kxd7
50.Kh6 Ke7 51.Kxh7 Kf7 52.a5 Kf6 53.h6 Kf7 54.a6  1-0

[Event "Trelew Clarin-GP"]
[Site "Trelew"]
[Date "1995.??.??"]
[Round "1"]
[White "Quinteros, Miguel A"]
[Black "Rocabado, Fernando"]
[Result "1-0"]
[WhiteElo "2520"]
[BlackElo "2170"]

1.d4 d5 2.c4 c6 3.Nf3 Nf6 4.Nc3 dxc4 5.a4 Bf5 6.Ne5 e6 7.f3 Bb4 8.e4 Bxe4
9.fxe4 Nxe4 10.Bd2 Qxd4 11.Nxe4 Qxe4+ 12.Qe2 Bxd2+ 13.Kxd2 Qd5+ 14.Kc2 Na6
15.Nxc4 O-O-O 16.Qe3 Kb8 17.Be2 f6 18.g4 Qd4 19.Rhd1 Qxe3 20.Nxe3 Rxd1 21.Rxd1 Nb4+
22.Kb3 Nd5 23.Nxd5 cxd5 24.a5 Kc7 25.Ka4 Kd6 26.Rc1 e5 27.b4 e4 28.Rc5 h5
29.g5 f5 30.a6 b6 31.Rc1 d4 32.Bb5 d3 33.Rc6+ Ke5 34.Rc7 Rd8 35.Rxa7 d2 36.Be2 d1=Q+
37.Bxd1 Rxd1 38.Rxg7 f4 39.Re7+ Kf5 40.g6 Kxg6 41.Rxe4 Kg5 42.Re8 f3 43.Rf8 Rf1
44.Kb5 f2 45.a7 Ra1 46.Kxb6  1-0

[Event "Val Thorens op"]
[Site "Val Thorens"]
[Date "1995.??.??"]
[Round "?"]
[White "Magnier, Herve"]
[Black "Guigon, Olivier"]
[Result "1-0"]
[WhiteElo "2220"]
[BlackElo "1890"]

1.d4 d5 2.Nf3 Nf6 3.c4 c6 4.Nc3 dxc4 5.a4 Bf5 6.e3 e6 7.Bxc4 Bb4 8.O-O O-O
9.Qe2 Nbd7 10.e4 Bg6 11.Bd3 c5 12.Na2 Ba5 13.Rd1 cxd4 14.b4 Bb6 15.a5 Bc7
16.e5 Ng4 17.Bf4 Qb8 18.Bxg6 hxg6 19.Nxd4 Bxe5 20.Bxe5 Ndxe5 21.f4 g5 22.fxe5 Nxe5
23.Rac1 Ng6 24.Nc3 Qd6 25.b5 Qb4 26.Ne4 Qxa5 27.Nxg5 Rfd8 28.Qf3 Rd7 29.Ndxe6 Rxd1+
30.Rxd1 f6 31.Qh5 fxg5 32.Qxg6 Qc3 33.Rf1 a5 34.Qf7+ Kh8 35.Qh5+ Kg8 36.Nxg5  1-0